00503 2200205 4500001002100000005001500021035002500036008004100061040001200102041000800114082001000122084001600132090001600148245002000164260002700184300002800211650002800239850001200267990001800279INLIS00000000003074520180704110518 a0010-091700000000113180704 g 0 dut  aYOPDYOG0 adut a339.5 aL 339.5 HET aL 339.5 Het aHet Zwarte Goud a[s.l] :b[s.n],c[s.a] a38 hlm :bilus ;c21 cm aKebijakan Ekonomi Makro aYOPDYOG a56865-PD/A.17